| 000 | 02127cam a22006134i 4500 | ||
|---|---|---|---|
| 003 | PE-LiUPU | ||
| 005 | 20250731170428.0 | ||
| 008 | 191022s2018 sp rb 000 0 spa d | ||
| 020 | _a9877601176 | ||
| 020 | _a9789877601176 | ||
| 035 | _a(Sirsi) a252625 | ||
| 040 |
_aPE-LiUPU _brda _cPE-LiUPU _erda |
||
| 049 | _aPRUA | ||
| 082 | 0 | 4 |
_a179.154 _bG64 _220 |
| 100 | 1 |
_aGómez Sarmiento, Mario, _eautor. |
|
| 245 | 1 | 0 |
_aManual para evaluar la calidad de la educación : _bestrategias, técnicas y factores asociados al diagnóstico / _cMario Gómez Sarmiento. |
| 250 | _a1° edición. | ||
| 264 | 1 |
_aCórdoba : _bBrujas, _c2018. |
|
| 300 |
_a125 páginas ; _c23 centímetros |
||
| 336 |
_atext _2rdacontent |
||
| 337 |
_aunmediated _2rdamedia |
||
| 338 |
_avalume _2rdacarrier |
||
| 504 | _aBibliografía: páginas 117-120. | ||
| 505 | 0 | _aDefinición sobre evaluación educacional -- Introducción -- Fines y objetivos de la enseñanza e instrumentos de los resultados del aprendizaje -- Factores socioculturales (niveles de rendimiento escolar y deserción) -- Taller sobre construcción de instrumentos de evaluación (ítems). | |
| 526 | _aSEG68 | ||
| 526 | _aSEG70 | ||
| 526 | _aSEG69 | ||
| 526 | _aSEG67 | ||
| 526 | _aSEG43 | ||
| 526 | _aP144 | ||
| 526 | _aP143 | ||
| 526 | _aP131 | ||
| 526 | _aP122 | ||
| 526 | _aP120 | ||
| 526 | _aP117 | ||
| 526 | _aP112 | ||
| 526 | _aP110 | ||
| 526 | _aP106 | ||
| 526 | _aP101 | ||
| 526 | _aP80 | ||
| 526 | _aP59 | ||
| 526 | _aP54 | ||
| 526 | _aP35 | ||
| 526 | _aP33 | ||
| 526 | _aP30 | ||
| 541 | _gF002-0001663; | ||
| 650 | 0 | 7 |
_aEvaluación educativa. _2embne |
| 650 | 0 | 7 | _aEvaluación curricular. |
| 910 |
_adbm _bjpc _cjpc _d20191022 |
||
| 942 |
_2ddc _cBOOK |
||
| 994 |
_aC0 _bPEPRU |
||
| 596 | _a1 | ||
| 999 |
_a179.154 G64 _wDEWEY _c31857 _i80723 _f2021-11-8 _g3 _lCCODEBUL1 _mBUL _p10.00 _r0 _sY _tBOOK _u2019-10-22 _xEDUCACION _PP57 _0COMPRA _1FCOMPR4 _o.STAFF. Colección Ciencias Humanas y Educación _d31857 |
||
| 980 |
_81 _gALBERTO SANCHEZ Responsable de Automatización |
||